000 00280nam a2200133Ia 4500
008 190216s9999||||xx |||||||||||||| ||und||
100 _aViswanathan S
245 0 _aPractical Physics
250 _a1st Ed.
260 _bNull
300 _a192
650 _aPhysics
942 _cBK
999 _c32804
_d32804